[Event "Toronto op"]
[Site "Toronto CAN"]
[Date "2010.04.02"]
[Round "2.3"]
[White "Henry, Liam"]
[Black "Noritsyn, Nikolay"]
[Result "0-1"]
[WhiteElo "2287"]
[BlackElo "2564"]
[PlyCount "112"]
[EventDate "2010.04.02"]
[EventType "swiss"]
[EventRounds "6"]
[EventCountry "CAN"]

1. e4 e5 2. Nf3 d6 3. d4 exd4 4. Nxd4 Nf6 5. Nc3 Be7 6. Bf4 O-O 7. Qd2 c6 8.
O-O-O b5 9. f3 b4 10. Nce2 c5 11. Nf5 Bxf5 12. exf5 d5 13. g4 d4 14. g5 Nd5 15.
f6 Bd6 16. Bxd6 Qxd6 17. Ng3 Nc6 18. fxg7 Rfe8 19. Nh5 Qg6 20. Nf6+ Nxf6 21.
Bd3 Qxg7 22. gxf6 Qxf6 23. Rhg1+ Kh8 24. Rg5 Re5 25. f4 Rxg5 26. fxg5 Qe7 27.
Qg2 Qe6 28. Qe4 Qxe4 29. Bxe4 Rc8 30. Bxc6 Rxc6 31. Rf1 Kg7 32. b3 f6 33. gxf6+
Rxf6 34. Rg1+ Rg6 35. Re1 Kf6 36. Re8 Rh6 37. Rc8 Rh5 38. Rc6+ Ke7 39. Rc7+ Kd6
40. Rxa7 Rxh2 41. a4 bxa3 42. Rxa3 h5 43. Ra8 h4 44. Rh8 h3 45. Rh5 Kc6 46. Rh8
Kd5 47. Rh5+ Ke4 48. Rh8 Ke5 49. Rh7 Kd5 50. Rh5+ Kc6 51. Rh8 Kb5 52. Rb8+ Ka5
53. Rh8 Kb4 54. Rh5 d3 55. Rh4+ c4 56. Rxc4+ Kb5 0-1

[Event "Toronto op"]
[Site "Toronto CAN"]
[Date "2010.04.03"]
[Round "3.2"]
[White "Noritsyn, Nikolay"]
[Black "Cummings, David"]
[Result "0-1"]
[WhiteElo "2564"]
[BlackElo "2416"]
[PlyCount "102"]
[EventDate "2010.04.02"]
[EventType "swiss"]
[EventRounds "6"]
[EventCountry "CAN"]

1. Nf3 Nf6 2. d4 e6 3. g3 d5 4. Bg2 Be7 5. O-O O-O 6. c4 dxc4 7. Qc2 a6 8. a4
Bd7 9. Qxc4 Bc6 10. Bf4 Nbd7 11. Nc3 Nb6 12. Qd3 Nbd5 13. Bg5 Nb4 14. Qc4 Ne4
15. Bf4 a5 16. Nxe4 Bxe4 17. Bxc7 Qc8 18. Ne5 Bxg2 19. Kxg2 Ra6 20. Rfc1 Nc6
21. d5 exd5 22. Qxa6 bxa6 23. Rxc6 Qb7 24. Rac1 Qxb2 25. Kf1 h5 26. Nd3 Qd4 27.
Rxa6 Bg5 28. Rb1 Qxa4 29. Be5 Bd2 30. Rd6 f6 31. Bf4 Bxf4 32. gxf4 Re8 33. Re1
h4 34. f3 Qd4 35. Rd7 Kf8 36. Rb1 Re7 37. Rd8+ Kf7 38. f5 g6 39. fxg6+ Kxg6 40.
Rxd5 Qe3 41. Re1 a4 42. Ra5 Qd4 43. Rb5 a3 44. Rb4 Qc3 45. Rbb1 Kh7 46. Rb4 h3
47. Kf2 Rg7 48. Rh4+ Kg8 49. Rc1 Qa5 50. Rc8+ Kf7 51. Rc5 Qa7 0-1

[Event "Toronto op"]
[Site "Toronto CAN"]
[Date "2010.04.03"]
[Round "4.4"]
[White "Kryvoruchko, Yuriy"]
[Black "Noritsyn, Nikolay"]
[Result "0-1"]
[WhiteElo "2161"]
[BlackElo "2564"]
[PlyCount "45"]
[EventDate "2010.04.02"]
[EventType "swiss"]
[EventRounds "6"]
[EventCountry "CAN"]

1. e4 c5 2. Nf3 Nc6 3. d4 cxd4 4. Nxd4 g6 5. Nc3 Bg7 6. Be3 Nf6 7. Bc4 d6 8. f3
Qb6 9. Nf5 Qxb2 10. Nxg7+ Kf8 11. Nd5 Nxd5 12. Bxd5 Kxg7 13. O-O Qc3 14. Re1
Qa5 15. f4 Qc7 16. Qf3 Bd7 17. Qg3 Rac8 18. Rf1 f6 19. f5 Ne5 20. Qh4 h5 21.
fxg6 Bb5 22. c4 Bxc4 23. Rac1 0-1

[Event "Toronto op"]
[Site "Toronto CAN"]
[Date "2010.04.04"]
[Round "5.3"]
[White "Cheng, Bindi"]
[Black "Noritsyn, Nikolay"]
[Result "0-1"]
[WhiteElo "2408"]
[BlackElo "2564"]
[PlyCount "150"]
[EventDate "2010.04.02"]
[EventType "swiss"]
[EventRounds "6"]
[EventCountry "CAN"]

1. d4 Nf6 2. Bg5 e6 3. c3 h6 4. Bh4 d6 5. e3 g5 6. Bg3 Ne4 7. Nd2 Nxg3 8. hxg3
Bg7 9. f4 Nd7 10. Ngf3 Qe7 11. Qc2 Nf6 12. fxg5 Nd5 13. e4 Ne3 14. Qd3 Nxf1 15.
Qxf1 Bd7 16. gxh6 Bxh6 17. Rh4 O-O-O 18. O-O-O f5 19. Qh1 Qf6 20. Kb1 Qg6 21.
Ka1 Bg7 22. Qe1 Rhg8 23. Nf1 Bf6 24. exf5 exf5 25. Rf4 Rde8 26. Qf2 Re4 27. d5
Kb8 28. Nd4 a5 29. a3 Rge8 30. Rxe4 Rxe4 31. Ne3 Qe8 32. Nexf5 Qe5 33. Nh4 Bg7
34. Qf7 Be8 35. Qe6 Ba4 36. Rf1 Qxe6 37. Nxe6 Be5 38. Nf5 Bb3 39. Ne7 Bf6 40.
Ng8 Be5 41. Ne7 Bf6 42. Ng8 Be5 43. Ne7 a4 44. Nf5 Bxd5 45. Nf4 Bc4 46. Rg1
Bxf4 47. gxf4 Rxf4 48. Ne3 Be6 49. g4 Rf3 50. Nf1 Bf7 51. Ng3 Bg6 52. Nf5 Bxf5
53. gxf5 Rxf5 54. Rg4 b5 55. c4 bxc4 56. Rxc4 Ra5 57. Rh4 Kb7 58. Kb1 c5 59.
Kc2 Kc6 60. Kd3 Ra8 61. Kc3 d5 62. Rh6+ Kb5 63. Rh7 Rg8 64. Rh2 Rg3+ 65. Kc2
Kc4 66. Rf2 d4 67. Rf8 d3+ 68. Kc1 Rg1+ 69. Kd2 Rg2+ 70. Kc1 Kb3 71. Rb8+ Ka2
72. Rb5 c4 73. Rb4 Rc2+ 74. Kd1 Kb1 75. Rxa4 Kxb2 0-1

[Event "Hart House Holiday op"]
[Site "Toronto CAN"]
[Date "2009.12.19"]
[Round "2.3"]
[White "Morrison, Kyle"]
[Black "Noritsyn, Nikolay"]
[Result "0-1"]
[WhiteElo "2246"]
[BlackElo "2532"]
[PlyCount "60"]
[EventDate "2009.12.18"]
[EventType "swiss"]
[EventRounds "5"]
[EventCountry "CAN"]

1. d4 Nf6 2. c4 c5 3. d5 d6 4. Nc3 g6 5. e4 Bg7 6. Nf3 O-O 7. Be2 e5 8. O-O Ne8
9. a3 a5 10. Ne1 f5 11. Nd3 Nf6 12. Bf3 Bd7 13. Rb1 Na6 14. g3 Rb8 15. Qe2 fxe4
16. Bxe4 Nxe4 17. Nxe4 Bh3 18. Re1 b5 19. f3 bxc4 20. Ndf2 Bc8 21. Bd2 Qb6 22.
Nc3 Nc7 23. a4 Bb7 24. Qxc4 Rxf3 25. Kg2 Rbf8 26. Be3 Qb4 27. Qd3 Qb3 28. Nfe4
Nxd5 29. Kg1 c4 30. Qd2 Nxe3 0-1

[Event "Hart House Holiday op"]
[Site "Toronto CAN"]
[Date "2009.12.19"]
[Round "3.1"]
[White "Noritsyn, Nikolay"]
[Black "Gerzhoy, Leonid"]
[Result "1/2-1/2"]
[WhiteElo "2532"]
[BlackElo "2572"]
[PlyCount "97"]
[EventDate "2009.12.18"]
[EventType "swiss"]
[EventRounds "5"]
[EventCountry "CAN"]

1. d4 d5 2. Nf3 Nf6 3. g3 e6 4. Bg2 Be7 5. O-O O-O 6. c4 dxc4 7. Qc2 a6 8. a4
Bd7 9. Qxc4 Bc6 10. Nc3 b5 11. Qd3 b4 12. Nb1 Be4 13. Qd1 c5 14. Nbd2 Bd5 15.
dxc5 Bxc5 16. Nb3 Ba7 17. Nfd4 Bxg2 18. Kxg2 Qd5+ 19. Nf3 Nbd7 20. Qxd5 Nxd5
21. Bd2 N7f6 22. Rfc1 Ne4 23. Be1 Rfc8 24. Ne5 f5 25. Nc6 Nc5 26. Nbd4 Rxc6 27.
Nxc6 Nb3 28. Nxb4 Nxb4 29. Bxb4 Nxa1 30. Rxa1 Bd4 31. Bc3 Bxc3 32. bxc3 Rb8 33.
Rd1 Rb3 34. Rd6 Kf7 35. Rxa6 Rxc3 36. f4 Ra3 37. a5 h6 38. Ra8 g5 39. a6 gxf4
40. gxf4 Kg6 41. a7 Kh5 42. h3 Ra2 43. Kf2 Ra3 44. Re8 Rxa7 45. Rxe6 Ra3 46. e3
Ra2+ 47. Kf3 Rh2 48. Kg3 Rxh3+ 49. Kxh3 1/2-1/2

[Event "Hart House Holiday op"]
[Site "Toronto CAN"]
[Date "2009.12.20"]
[Round "4.3"]
[White "Sapozhnikov, Roman"]
[Black "Noritsyn, Nikolay"]
[Result "0-1"]
[WhiteElo "2398"]
[BlackElo "2532"]
[PlyCount "84"]
[EventDate "2009.12.18"]
[EventType "swiss"]
[EventRounds "5"]
[EventCountry "CAN"]

1. e4 e5 2. Nf3 d6 3. d4 exd4 4. Qxd4 Nc6 5. Bb5 Nge7 6. b3 a6 7. Bxc6+ Nxc6 8.
Qd2 f5 9. exf5 Qe7+ 10. Kd1 Bxf5 11. Re1 Ne5 12. Nd4 Bg6 13. Nc3 O-O-O 14. Ba3
Qf7 15. Kc1 c5 16. Nf3 Nxf3 17. gxf3 d5 18. Na4 Qf6 19. Kb1 Qc6 20. Re3 d4 21.
Re5 d3 22. c3 Bd6 23. Rxc5 Bxc5 24. Bxc5 b5 25. Nb6+ Kb7 26. Be3 Rhe8 27. a4
Rxe3 28. fxe3 Qxb6 29. axb5 Qxb5 30. Kc1 Ka7 31. Ra3 Rf8 32. c4 Qc6 33. Qb4 Rf7
34. Kd2 Qb6 35. Qa4 Rxf3 36. c5 Qe6 37. Qd4 Qc6 38. e4 Rf7 39. Qxd3 Bxe4 40.
Qe3 Rf3 41. Qe2 Rd3+ 42. Ke1 Qxc5 0-1

[Event "Hart House Holiday op"]
[Site "Toronto CAN"]
[Date "2009.12.20"]
[Round "5.1"]
[White "Noritsyn, Nikolay"]
[Black "Szalay, Karoly"]
[Result "1-0"]
[WhiteElo "2532"]
[BlackElo "2346"]
[PlyCount "47"]
[EventDate "2009.12.18"]
[EventType "swiss"]
[EventRounds "5"]
[EventCountry "CAN"]

1. c4 e6 2. g3 d5 3. Bg2 Nf6 4. Nf3 Bd6 5. O-O c6 6. d4 Nbd7 7. Nc3 O-O 8. Qc2
Qe7 9. b3 b6 10. e4 dxe4 11. Nxe4 Nxe4 12. Qxe4 Bb7 13. Re1 Rae8 14. Bb2 Ba8
15. Rad1 e5 16. dxe5 c5 17. Qb1 Bb8 18. Rxd7 Qxd7 19. Ng5 g6 20. Bxa8 Qd8 21.
Nf3 Re7 22. Bd5 Rfe8 23. h4 Qd7 24. Qe4 1-0

[Event "Thanksgiving op"]
[Site "Toronto CAN"]
[Date "2009.10.12"]
[Round "5"]
[White "Noritsyn, Nikolay"]
[Black "Sellars, Karl"]
[Result "1-0"]
[WhiteElo "2486"]
[BlackElo "2268"]
[PlyCount "105"]
[EventDate "2009.10.10"]
[EventType "swiss"]
[EventRounds "6"]
[EventCountry "CAN"]

1. c4 c5 2. Nc3 Nc6 3. Nf3 g6 4. e3 Nf6 5. d4 cxd4 6. exd4 d5 7. cxd5 Nxd5 8.
Qb3 Nxc3 9. Bc4 e6 10. bxc3 Bg7 11. Ba3 Bf8 12. Bxf8 Kxf8 13. O-O b6 14. Rad1
Na5 15. Qb4+ Qe7 16. Bb5 Bb7 17. Ne5 f6 18. Ng4 Kf7 19. Nh6+ Kf8 20. Ng4 Kf7
21. Qb2 Rac8 22. Rfe1 Rhd8 23. Qd2 Nc4 24. Qh6 Kg8 25. Qh4 Kg7 26. Bxc4 Rxc4
27. Rd3 Rd5 28. Qh6+ Kg8 29. Qf4 Kg7 30. Ne3 Ra4 31. Nxd5 Bxd5 32. Rd2 b5 33.
Qb8 a6 34. h3 Qd7 35. Qb6 Kf7 36. Rb1 Ke7 37. f3 Qc6 38. Qxc6 Bxc6 39. Rb4 Rxb4
40. cxb4 Bd5 41. Kf2 Kd6 42. Ke3 Bc4 43. Rc2 Kd5 44. h4 h6 45. g4 Kd6 46. Rg2
Bd5 47. Rg1 Kc6 48. Rc1+ Kd7 49. Rc3 Bb7 50. f4 Bd5 51. g5 fxg5 52. fxg5 h5 53.
Rc2 1-0

[Event "Montreal op"]
[Site "Montreal CAN"]
[Date "2009.09.11"]
[Round "1"]
[White "Noritsyn, Nikolay"]
[Black "Chidley-Hill, John"]
[Result "1-0"]
[WhiteElo "2380"]
[BlackElo "1928"]
[PlyCount "89"]
[EventDate "2009.09.11"]
[EventType "swiss"]
[EventRounds "5"]
[EventCountry "CAN"]

1. c4 c5 2. Nf3 Nc6 3. d4 cxd4 4. Nxd4 Nf6 5. Nc3 g6 6. e4 d6 7. Be2 Bg7 8. Be3
O-O 9. O-O a6 10. f3 Qc7 11. Rc1 Nxd4 12. Bxd4 Bd7 13. Qd2 Qa5 14. Rfd1 Rfe8
15. b3 Qh5 16. Be3 Rab8 17. Bf1 Bc6 18. Ne2 Nd7 19. Rc2 Qe5 20. Kh1 f5 21. exf5
Qxf5 22. Nd4 Qf7 23. c5 d5 24. Nxc6 bxc6 25. Bxa6 e5 26. b4 Nf8 27. Be2 Qa7 28.
b5 d4 29. b6 Qa3 30. Bf2 Kh8 31. Qd3 Qxd3 32. Bxd3 Ne6 33. a4 Bf8 34. Rdc1 Nxc5
35. Rxc5 Bxc5 36. Rxc5 Rxb6 37. h4 Kg7 38. Bg3 Kf6 39. a5 Rb3 40. Rxc6+ Kg7 41.
Rc7+ Kh6 42. Be4 Ra3 43. Rc5 Rd8 44. Bxe5 d3 45. Rc7 1-0

[Event "Montreal op"]
[Site "Montreal CAN"]
[Date "2009.09.12"]
[Round "2"]
[White "Mai, Lloyd"]
[Black "Noritsyn, Nikolay"]
[Result "1-0"]
[WhiteElo "2194"]
[BlackElo "2380"]
[PlyCount "97"]
[EventDate "2009.09.11"]
[EventType "swiss"]
[EventRounds "5"]
[EventCountry "CAN"]

1. e4 e5 2. Nf3 d6 3. d4 exd4 4. Nxd4 Nf6 5. Nc3 Be7 6. Bc4 O-O 7. f3 c6 8. Bb3
Nbd7 9. Nf5 Nc5 10. Nxe7+ Qxe7 11. O-O a5 12. Be3 b5 13. Bxc5 dxc5 14. a3 c4
15. Ba2 Ba6 16. Ne2 Rfd8 17. Qc1 Qc5+ 18. Kh1 b4 19. c3 b3 20. Bb1 Qd6 21. Nd4
Ne8 22. e5 Qc7 23. Be4 Bb7 24. Qe3 c5 25. Nb5 Qb6 26. a4 Rac8 27. Rad1 Ba6 28.
Bf5 Rxd1 29. Rxd1 Rd8 30. Rxd8 Qxd8 31. h3 Qe7 32. f4 Bxb5 33. axb5 Nc7 34. b6
Nd5 35. Bxh7+ Kf8 36. Qe4 Nxb6 37. Qc6 g6 38. Qxb6 Kg7 39. Bxg6 fxg6 40. Qxa5
g5 41. Qa6 gxf4 42. Qf6+ Qxf6 43. exf6+ Kxf6 44. Kg1 Kf5 45. Kf2 Ke4 46. Ke2
Kf5 47. Kf3 Ke5 48. h4 Kf5 49. h5 1-0

[Event "Montreal op"]
[Site "Montreal CAN"]
[Date "2009.09.12"]
[Round "3"]
[White "Noritsyn, Nikolay"]
[Black "Robichaud, Louis"]
[Result "1-0"]
[WhiteElo "2380"]
[BlackElo "2048"]
[PlyCount "77"]
[EventDate "2009.09.11"]
[EventType "swiss"]
[EventRounds "5"]
[EventCountry "CAN"]

1. Nf3 Nf6 2. c4 g6 3. Nc3 Bg7 4. d4 O-O 5. Bg5 h6 6. Bh4 d6 7. e3 g5 8. Bg3 c5
9. Be2 Bf5 10. O-O Qb6 11. Qd2 cxd4 12. Nxd4 Bg6 13. Bd3 Bxd3 14. Qxd3 Rd8 15.
Nf5 Bf8 16. f4 g4 17. Bh4 Nbd7 18. Nd5 Nxd5 19. cxd5 Re8 20. Qe2 h5 21. Ng3 Nf6
22. Bxf6 exf6 23. Rae1 f5 24. Nxf5 Bg7 25. b3 Bc3 26. Rd1 Kh8 27. h3 Rg8 28.
hxg4 Rxg4 29. Nh6 Rg6 30. Nxf7+ Kg7 31. Ng5 Re8 32. Rd3 Bf6 33. Ne6+ Kh6 34.
Qd2 Reg8 35. Rf2 h4 36. Kf1 h3 37. e4 Rg3 38. f5+ Kh7 39. Nf8+ 1-0

[Event "Montreal op"]
[Site "Montreal CAN"]
[Date "2009.09.13"]
[Round "4"]
[White "Barbeau, Sylvain"]
[Black "Noritsyn, Nikolay"]
[Result "1/2-1/2"]
[WhiteElo "2365"]
[BlackElo "2380"]
[PlyCount "126"]
[EventDate "2009.09.11"]
[EventType "swiss"]
[EventRounds "5"]
[EventCountry "CAN"]

1. c4 g6 2. Nc3 Bg7 3. g3 e6 4. Bg2 Ne7 5. h4 h6 6. e4 c5 7. d3 Nbc6 8. Nh3 Rb8
9. O-O Nd4 10. Be3 a6 11. Rc1 b5 12. b3 Qa5 13. Qd2 d6 14. f4 e5 15. Rf2 Be6
16. fxe5 Bxe5 17. Nf4 g5 18. Nxe6 fxe6 19. hxg5 Bxg3 20. Rf6 hxg5 21. Bxg5 Bh2+
22. Kf1 Be5 23. Rf2 Ndc6 24. Bf6 Rg8 25. Bh3 Rg6 26. Bxe5 dxe5 27. cxb5 axb5
28. Nd1 Qa7 29. Ne3 Kd7 30. Ng4 Kd6 31. Qe3 Rbg8 32. Qg3 Qa3 33. Rfc2 Rf8+ 34.
Kg1 Rf4 35. Rf1 Rxf1+ 36. Bxf1 Qb4 37. Rg2 Rg8 38. Qe3 Qc3 39. Nh6 Rxg2+ 40.
Bxg2 Qa1+ 41. Kh2 Qd4 42. Qg3 Kc7 43. Nf7 Kb6 44. Ng5 Qd6 45. Bh3 Nd8 46. Nf3
Nec6 47. Bf1 Qf8 48. Kg2 Qf6 49. a4 b4 50. Nd2 Na5 51. Qe3 Ndc6 52. Nc4+ Nxc4
53. dxc4 Qf4 54. Qxf4 exf4 55. Be2 Kc7 56. Bd1 Kd6 57. Kf3 Ke5 58. Kg4 Na5 59.
Kf3 Nb7 60. Bc2 Na5 61. Bd1 Nc6 62. Kg4 Nb8 63. Kf3 Nc6 1/2-1/2

[Event "CAN-ch"]
[Site "Guelph CAN"]
[Date "2009.08.08"]
[Round "1"]
[White "Casareno, Erwin"]
[Black "Noritsyn, Nikolay"]
[Result "0-1"]
[WhiteElo "2254"]
[BlackElo "2534"]
[PlyCount "64"]
[EventDate "2009.08.08"]
[EventType "swiss"]
[EventRounds "9"]
[EventCountry "CAN"]

1. e4 c5 2. Nf3 Nc6 3. d4 cxd4 4. Nxd4 g6 5. c4 Bg7 6. Be3 Qb6 7. Nb5 Qa5+ 8.
N1c3 Nf6 9. f3 O-O 10. Qd2 Nh5 11. g4 Nf6 12. h4 h5 13. Bh6 a6 14. Bxg7 Kxg7
15. g5 Nxe4 16. fxe4 axb5 17. cxb5 Ne5 18. Qd4 d6 19. O-O-O Bg4 20. Rd2 Rfc8
21. Kb1 Kg8 22. Be2 Be6 23. a3 Nc4 24. Bxc4 Rxc4 25. Qe3 Rb4 26. Kc1 Rc8 27.
Kd1 Rxb2 28. Rxb2 Rxc3 29. Qd2 Qa4+ 30. Ke1 Qxe4+ 31. Kf2 Rf3+ 32. Kg1 Rg3+ 0-1

[Event "CAN-ch"]
[Site "Guelph CAN"]
[Date "2009.08.09"]
[Round "2"]
[White "Noritsyn, Nikolay"]
[Black "Sapozhnikov, Roman"]
[Result "0-1"]
[WhiteElo "2534"]
[BlackElo "2372"]
[PlyCount "84"]
[EventDate "2009.08.08"]
[EventType "swiss"]
[EventRounds "9"]
[EventCountry "CAN"]

1. g3 d5 2. Bg2 c6 3. d3 Nf6 4. Nf3 Bg4 5. Nbd2 Nbd7 6. h3 Bh5 7. g4 Bg6 8. Nh4
e5 9. e3 Bd6 10. Qe2 Qe7 11. a3 O-O-O 12. b4 Nb6 13. Nb3 e4 14. Bb2 exd3 15.
cxd3 Bxb4+ 16. axb4 Qxb4+ 17. Qd2 Qxb3 18. Nxg6 hxg6 19. O-O Ne4 20. Qe2 Nc3
21. Bxc3 Qxc3 22. Rfc1 Qf6 23. Rxa7 Kc7 24. Qa2 Ra8 25. Rb1 Rxa7 26. Qxa7 c5
27. Bxd5 Nxd5 28. Qxb7+ Kd6 29. e4 Nb4 30. d4 Qxd4 31. e5+ Ke6 32. Qb6+ Kxe5
33. Re1+ Kf4 34. Qc7+ Kg5 35. Qg3 Nd3 36. Re3 Nf4 37. Qf3 Qa1+ 38. Kh2 Rxh3+
39. Qxh3 Nxh3 40. Kxh3 Qh1+ 41. Kg3 Qh4+ 42. Kg2 Qxg4+ 0-1

[Event "CAN-ch"]
[Site "Guelph CAN"]
[Date "2009.08.10"]
[Round "3"]
[White "Jiang, Louie"]
[Black "Noritsyn, Nikolay"]
[Result "1-0"]
[WhiteElo "2268"]
[BlackElo "2534"]
[PlyCount "79"]
[EventDate "2009.08.08"]
[EventType "swiss"]
[EventRounds "9"]
[EventCountry "CAN"]

1. e4 e5 2. Nf3 d6 3. Bc4 Nf6 4. Ng5 d5 5. exd5 Bg4 6. f3 Bh5 7. d4 exd4 8.
Qxd4 Nbd7 9. Ne4 Nxe4 10. Qxe4+ Be7 11. Bg5 f6 12. Bf4 Bg6 13. Qe2 Bf7 14. Nc3
O-O 15. O-O-O Bd6 16. Bxd6 cxd6 17. Ne4 Nb6 18. Bb3 Bg6 19. Nc3 a6 20. Rhe1 Kh8
21. Qf2 Nd7 22. Ne2 Nc5 23. Nd4 Qb6 24. Rd2 Rfc8 25. Kb1 a5 26. Bc4 Qb4 27. Bb5
a4 28. a3 Qa5 29. Ka1 Bf7 30. Bc4 b5 31. Ba2 b4 32. Nc6 Rxc6 33. dxc6 Nb3+ 34.
cxb3 axb3 35. Re7 bxa3 36. Rxf7 axb2+ 37. Rxb2 Qc3 38. Ra7 Re8 39. Bxb3 h5 40.
c7 1-0

[Event "CAN-ch"]
[Site "Guelph CAN"]
[Date "2009.08.11"]
[Round "4"]
[White "Noritsyn, Nikolay"]
[Black "Jung, Hans"]
[Result "0-1"]
[WhiteElo "2534"]
[BlackElo "2150"]
[PlyCount "144"]
[EventDate "2009.08.08"]
[EventType "swiss"]
[EventRounds "9"]
[EventCountry "CAN"]

1. e4 c5 2. Nf3 e6 3. d4 cxd4 4. Nxd4 a6 5. Bd3 Nc6 6. Nxc6 dxc6 7. O-O e5 8.
Nd2 Be6 9. Qh5 Bd6 10. Nc4 Nf6 11. Nxd6+ Qxd6 12. Qh4 O-O 13. Bg5 Qe7 14. Qg3
Bc8 15. Kh1 Qe6 16. Rae1 Nh5 17. Qe3 Qxa2 18. Qf3 Nf4 19. Bxf4 exf4 20. b3 Be6
21. Qxf4 Rad8 22. e5 Qa5 23. Qh4 Rxd3 24. cxd3 Bxb3 25. f4 Bd5 26. Re3 Qd8 27.
Qh5 g6 28. Rg3 Qe7 29. f5 Qxe5 30. Qh4 Re8 31. Rh3 h5 32. fxg6 fxg6 33. Rg3 Kh7
34. Rg5 Qe2 35. Qf4 Qxd3 36. Rg3 Qe4 37. Qd2 Qe2 38. Qf4 Qe4 39. Qc1 h4 40.
Rgf3 Qg4 41. h3 Qc4 42. Rc3 Qe2 43. Rg1 Qf2 44. Kh2 b5 45. Qg5 b4 46. Rd3 Re2
47. Rxd5 cxd5 48. Qxd5 Re3 49. Qd7+ Kh6 50. Qc8 Qf6 51. Qc4 b3 52. Rf1 Qg5 53.
Kh1 a5 54. Qg8 Qe7 55. Qh8+ Kg5 56. Qd4 Kh6 57. Qh8+ Kg5 58. Qd4 Qe4 59. Qd8+
Qe7 60. Qxa5+ Kh6 61. Qd2 Kh7 62. Qf2 Re2 63. Qf7+ Qxf7 64. Rxf7+ Kh6 65. Rb7
b2 66. Kh2 Kg5 67. Rb5+ Kf4 68. Rb8 Ke3 69. Rb7 Kd3 70. Rb8 Kc2 71. Rc8+ Kd1
72. Rd8+ Kc1 0-1

[Event "CAN-ch"]
[Site "Guelph CAN"]
[Date "2009.08.12"]
[Round "5"]
[White "Humphreys, Michael"]
[Black "Noritsyn, Nikolay"]
[Result "1/2-1/2"]
[WhiteElo "2142"]
[BlackElo "2534"]
[PlyCount "126"]
[EventDate "2009.08.08"]
[EventType "swiss"]
[EventRounds "9"]
[EventCountry "CAN"]

1. d4 Nf6 2. c4 c5 3. d5 a6 4. f3 e5 5. e4 d6 6. Nc3 Nbd7 7. Be3 Be7 8. Nge2 h5
9. h4 Kf8 10. g3 g6 11. Bh3 Kg7 12. Qd2 Qa5 13. a4 Ne8 14. Kf2 Nc7 15. Rhb1 Ne8
16. Nc1 Qd8 17. b3 Nf8 18. Bxc8 Qxc8 19. Nd3 a5 20. Rh1 f5 21. Raf1 Nf6 22. Bg5
N8d7 23. Ke1 Qc7 24. Kd1 Raf8 25. Nf2 Qd8 26. Be3 Ng8 27. Nh3 Nh6 28. Bg5 Nf7
29. Be3 Nf6 30. Bg5 Nh7 31. Be3 Nf6 32. Bg5 Nh7 33. Be3 Qd7 34. Rfg1 Nf6 35.
Ng5 Nxg5 36. Bxg5 fxe4 37. Bxf6+ Rxf6 38. f4 exf4 39. Nxe4 f3 40. Nxf6 Bxf6 41.
Qf4 Rf8 42. Qxf3 Bd4 43. Qe4 Re8 44. Qf4 Bxg1 45. Rxg1 Qf5 46. Qxf5 gxf5 47.
Re1 Re4 48. Kd2 Kf6 49. Re3 Ke5 50. Kd3 b6 51. Rf3 Rd4+ 52. Ke3 Rg4 53. Kd3 Kf6
54. Re3 Kf7 55. Rf3 Rd4+ 56. Ke2 Kf6 57. Re3 Re4 58. Kd3 Ke5 59. Rf3 Rd4+ 60.
Ke3 Kf6 61. Ke2 Rg4 62. Kd3 Rd4+ 63. Ke2 Re4+ 1/2-1/2

[Event "CAN-ch"]
[Site "Guelph CAN"]
[Date "2009.08.13"]
[Round "6"]
[White "Noritsyn, Nikolay"]
[Black "Calugar, Arthur"]
[Result "0-1"]
[WhiteElo "2534"]
[BlackElo "2288"]
[PlyCount "76"]
[EventDate "2009.08.08"]
[EventType "swiss"]
[EventRounds "9"]
[EventCountry "CAN"]

1. g3 g6 2. Bg2 Nf6 3. d3 d5 4. Bd2 Bg7 5. Qc1 h6 6. Nf3 Nc6 7. Nc3 Bf5 8. b4
Nxb4 9. Rb1 c5 10. a3 Nc6 11. Rxb7 g5 12. Rb5 Qd6 13. O-O O-O 14. h4 g4 15. Ne1
Kh7 16. e3 Rab8 17. e4 dxe4 18. dxe4 Bg6 19. Nd3 Nd7 20. Rxb8 Rxb8 21. Nf4 h5
22. e5 Ndxe5 23. Ne4 Bxe4 24. Bxe4+ Kg8 25. Be3 Nd4 26. Kh1 Nef3 27. c3 Qe5 28.
Bd5 Ne2 29. Qd1 Nxc3 30. Qd3 Nxd5 31. Nxd5 Nd4 32. Nf4 Bh6 33. Bxd4 Qxd4 34.
Qf5 Bxf4 35. gxf4 e6 36. Qg5+ Kf8 37. Kg1 Rb3 38. Rc1 Rg3+ 0-1

[Event "CAN-ch"]
[Site "Guelph CAN"]
[Date "2009.08.14"]
[Round "7"]
[White "Arsenault, Nicolas"]
[Black "Noritsyn, Nikolay"]
[Result "1/2-1/2"]
[WhiteElo "2228"]
[BlackElo "2534"]
[PlyCount "110"]
[EventDate "2009.08.08"]
[EventType "swiss"]
[EventRounds "9"]
[EventCountry "CAN"]

1. e4 e5 2. Nf3 d6 3. d4 exd4 4. Nxd4 Nf6 5. Nc3 Be7 6. Bc4 O-O 7. O-O Re8 8.
Re1 Bf8 9. Bg5 Nbd7 10. f3 h6 11. Be3 Ne5 12. Bf1 c6 13. a4 Qc7 14. Kh1 Bd7 15.
f4 Ng6 16. Qf3 a6 17. f5 Ne5 18. Qg3 Kh8 19. a5 d5 20. exd5 Bd6 21. Qh4 Neg4
22. Bg1 c5 23. Ne6 fxe6 24. fxe6 Be5 25. exd7 Qxd7 26. Be2 Bxc3 27. bxc3 Ne3
28. Bd3 Nexd5 29. Bxc5 Nxc3 30. Bd4 Re4 31. Rxe4 Ncxe4 32. Bb2 Qg4 33. Qxg4
Nxg4 34. Kg1 Nc5 35. Bg6 Rd8 36. Re1 Kg8 37. Ba3 Nd7 38. h3 Nge5 39. Be4 Nc6
40. Bd5+ Kh7 41. Be4+ Kg8 42. Rd1 Nf6 43. Rxd8+ Nxd8 44. Bf3 Kf7 45. Kf2 Nc6
46. Bxc6 bxc6 47. Ke3 h5 48. Kd4 Nd7 49. Ke4 Ke6 50. Kf4 g6 51. Kg5 Kf7 52. g4
hxg4 53. hxg4 Nf6 54. Kf4 Ke6 55. Kg5 Kf7 1/2-1/2

[Event "CAN-ch"]
[Site "Guelph CAN"]
[Date "2009.08.15"]
[Round "8"]
[White "Noritsyn, Nikolay"]
[Black "Qin, Zi Yi (Joey)"]
[Result "1-0"]
[WhiteElo "2534"]
[BlackElo "2208"]
[PlyCount "145"]
[EventDate "2009.08.08"]
[EventType "swiss"]
[EventRounds "9"]
[EventCountry "CAN"]

1. c4 Nf6 2. Nc3 g6 3. g3 Bg7 4. Bg2 d6 5. e3 O-O 6. Nge2 c6 7. d4 e5 8. b3 Qa5
9. Qd2 exd4 10. Nxd4 Re8 11. Bb2 Nbd7 12. O-O Qh5 13. Qd1 Qh6 14. Nf3 Ng4 15.
h3 Nge5 16. Nh2 Nc5 17. g4 Ned3 18. Qd2 Nxb2 19. Qxb2 Be6 20. Qd2 Rad8 21. Rad1
f5 22. f4 fxg4 23. hxg4 Qh4 24. Bf3 Bf7 25. Rde1 Qf6 26. Ne2 Ne4 27. Bxe4 Rxe4
28. g5 Qb2 29. Qxb2 Bxb2 30. Ng3 Re7 31. Re2 Bg7 32. Kf2 d5 33. Rd1 Rde8 34.
cxd5 Bxd5 35. Ng4 Be6 36. Nh2 Bd5 37. Nf3 h6 38. e4 Bf7 39. Rd6 Re6 40. Rd7
R6e7 41. Red2 Bf8 42. Rxe7 Rxe7 43. Ke3 hxg5 44. Nxg5 Bh6 45. Nf1 Bxg5 46. fxg5
Bd5 47. Rd4 Be6 48. Nd2 c5 49. Rd8+ Kg7 50. Kf4 Bf7 51. Nc4 Be8 52. Ne5 Bb5 53.
Rc8 b6 54. Ng4 Be8 55. Ne5 Bb5 56. Rd8 Be8 57. Rd6 Kh7 58. Rf6 Kg7 59. Nc4 Bb5
60. Nd6 Bd7 61. Nc4 Bb5 62. Ne3 Bd3 63. e5 Bb1 64. e6 Bxa2 65. Nd5 Rb7 66. e7
Rb8 67. Nc7 Bxb3 68. e8=Q Rxe8 69. Nxe8+ Kh7 70. Rc6 Ba4 71. Rc7+ Kg8 72. Nf6+
Kf8 73. Rxa7 1-0

[Event "CAN-ch"]
[Site "Guelph CAN"]
[Date "2009.08.16"]
[Round "9"]
[White "Noritsyn, Nikolay"]
[Black "Morin, Yves"]
[Result "1-0"]
[WhiteElo "2534"]
[BlackElo "2160"]
[PlyCount "93"]
[EventDate "2009.08.08"]
[EventType "swiss"]
[EventRounds "9"]
[EventCountry "CAN"]

1. c4 e5 2. Nc3 d6 3. g3 Nf6 4. Bg2 Be7 5. Nf3 O-O 6. d4 Nbd7 7. O-O c6 8. Qc2
Qc7 9. b3 Re8 10. e4 Bf8 11. h3 a6 12. Be3 g6 13. Rad1 b6 14. Rfe1 Bb7 15. Nh2
b5 16. c5 dxc5 17. dxe5 Qxe5 18. f4 Qe6 19. e5 Nd5 20. Ne4 Rad8 21. Bxc5 Nxc5
22. Nxc5 Bxc5+ 23. Qxc5 h5 24. Nf3 Qe7 25. Qxe7 Nxe7 26. Ng5 Bc8 27. Ne4 Rf8
28. Nc5 a5 29. Kf2 Nd5 30. Bxd5 cxd5 31. h4 Bg4 32. Rd2 Be6 33. Rc1 Rc8 34.
Rdd1 Rfe8 35. Ke3 Red8 36. Kd4 a4 37. Nb7 Rf8 38. Nd6 Rxc1 39. Rxc1 axb3 40.
axb3 Ra8 41. b4 Ra3 42. Rc3 Ra4 43. Kc5 Bd7 44. Nxb5 Ra6 45. Nd4 Ra1 46. b5 Rb1
47. b6 1-0

[Event "PWC Toronto op"]
[Site "Toronto CAN"]
[Date "2009.04.17"]
[Round "1"]
[White "Kret, Ted"]
[Black "Noritsyn, Nikolay"]
[Result "0-1"]
[WhiteElo "2117"]
[BlackElo "2381"]
[PlyCount "42"]
[EventDate "2009.04.17"]
[EventType "swiss"]
[EventRounds "5"]
[EventCountry "CAN"]
[Source "Mark Crowther"]
[SourceDate "2009.04.20"]

1. d4 Nf6 2. c4 c5 3. Nf3 cxd4 4. Nxd4 Nc6 5. g3 d6 6. Bg2 Bd7 7. O-O g6 8. Nc3
Bg7 9. h3 Nxd4 10. Qxd4 Qc8 11. Nd5 Bxh3 12. Bg5 Bxg2 13. Kxg2 Qc6 14. f3 e5
15. Bxf6 exd4 16. Bxg7 Rg8 17. Nf6+ Ke7 18. Nd5+ Ke6 19. Bxd4 Qxc4 20. Nf4+ Kd7
21. Rfd1 g5 0-1